Introducción de especies y variedades de hortalizas: III Región
Guardat en:
| Format: | Llibre |
|---|---|
| Idioma: | espanyol |
| Publicat: |
Copiapó
CORFO
1986
|
| Matèries: | |
| Etiquetes: |
Afegir etiqueta
Sense etiquetes, Sigues el primer a etiquetar aquest registre!
|
MARC
| LEADER | 00000nam a2200000 a 4500 | ||
|---|---|---|---|
| 001 | UCR5109 | ||
| 003 | CL-VaPUC | ||
| 008 | 980320e19860000CL |||||||||||||||||spa|d | ||
| 082 | 0 | 4 | |a 634 |b INT |2 21 |
| 245 | 1 | 0 | |a Introducción de especies y variedades de hortalizas: III Región |
| 300 | |a 84 p | ||
| 942 | |c BK | ||
| 945 | |d 19980320 00:00:00 |a rleighto | ||
| 260 | |a Copiapó |b CORFO |c 1986 | ||
| 650 | 0 | |a Hortalizas |9 259501 | |
| 650 | 0 | |a Ajo (Allium sativum) |9 264164 | |
| 650 | 0 | |a Alcachofa |9 264482 | |
| 650 | 7 | |a BROCOLI |2 CL-VaPUC |9 264160 | |
| 650 | 0 | |a Cebolla (Allium cepa) |9 264165 | |
| 650 | 7 | |a MELON |2 CL-VaPUC |9 405824 | |
| 650 | 0 | |a Pimiento |9 325628 | |
| 650 | 7 | |a TOMATE |2 CL-VaPUC |9 264158 | |
| 650 | 7 | |a LYCOPERSICON ESCULENTUM |2 CL-VaPUC |9 264426 | |
| 583 | |a last modification |c 19980320 00:00:00 |k Rodrigo Vera | ||
| 999 | |c 267839 |d 267837 | ||